[Event "OLSW 1819 SK Landau - Gambit Saarbrück"]
[Site "?"]
[Date "2019.02.24"]
[Round "7.8"]
[White "Karpa, Adrian"]
[Black "Panfilenko, Wladimir"]
[Result "1-0"]
[WhiteElo "2053"]
[BlackElo "1950"]
[PlyCount "51"]
[EventDate "2019.??.??"]

1. e4 c6 2. d4 d5 3. Nd2 dxe4 4. Nxe4 Nd7 5. Bd3 Ngf6 6. Ng5 e6 7. Qe2 Be7 8.
Bd2 Nf8 9. N1f3 h6 10. Ne4 Nxe4 11. Bxe4 Qc7 12. O-O-O Bd7 13. Ne5 Bd6 14. Qf3
Bxe5 15. dxe5 Qxe5 16. Bc3 Qg5+ 17. Kb1 f5 18. Bd3 O-O-O 19. h4 Qe7 20. Qg3 Be8
21. Bc4 Rg8 22. Ba5 Rd7 23. Rxd7 Qxd7 24. Kc1 Bh5 25. f3 Ng6 26. Bxe6 1-0

[Event "OLSW 1819 SK Frankenthal - SVG Saarbrü"]
[Site "?"]
[Date "2019.02.24"]
[Round "7.1"]
[White "Bastian, Herbert"]
[Black "Syrov, Arkadi"]
[Result "1/2-1/2"]
[WhiteElo "2306"]
[BlackElo "2301"]
[PlyCount "80"]
[EventDate "2019.??.??"]

1. e4 e5 2. Nf3 Nc6 3. Bc4 Nf6 4. d3 Be7 5. Bb3 O-O 6. O-O d6 7. c3 Be6 8. Nbd2
d5 9. exd5 Nxd5 10. Nc4 f6 11. Re1 Qd7 12. d4 exd4 13. Nxd4 Nxd4 14. Qxd4 c5
15. Qe4 Bf7 16. Ne3 Nxe3 17. Bxe3 f5 18. Bxf7+ Rxf7 19. Qc4 b5 20. Qe2 Bd6 21.
Rad1 Qc6 22. Qd3 Rd8 23. Bf4 Bc7 24. Qg3 Rxd1 25. Rxd1 Rd7 26. Rxd7 Qxd7 27. h3
Bxf4 28. Qxf4 c4 29. a4 a6 30. Qb8+ Kf7 31. Qb6 Qe6 32. Qb7+ Kf6 33. axb5 Qe1+
34. Kh2 Qe5+ 35. g3 Qxb5 36. Qc7 Qxb2 37. Qd6+ Kf7 38. Qd7+ Kf6 39. Qd4+ Kg6
40. Qd6+ Kf7 1/2-1/2

[Event "OLSW 1819 SK Frankenthal - SVG Saarbrü"]
[Site "?"]
[Date "2019.02.24"]
[Round "7.2"]
[White "Neuberger, Guido"]
[Black "Mohammad, Samir"]
[Result "0-1"]
[WhiteElo "2233"]
[BlackElo "2302"]
[PlyCount "104"]
[EventDate "2019.??.??"]

1. d4 d6 2. Nf3 Nf6 3. Bf4 g6 4. e3 Bg7 5. Be2 O-O 6. O-O c5 7. dxc5 dxc5 8.
Qxd8 Rxd8 9. Bc7 Rf8 10. Nc3 Nc6 11. h3 Bf5 12. Bd3 Rac8 13. Bxf5 Rxc7 14. Nb5
gxf5 15. Nxc7 a6 16. Rad1 e6 17. Rd6 Rc8 18. Nxe6 fxe6 19. Rxe6 Ne4 20. g4 Nd8
21. Rb6 fxg4 22. hxg4 Rc7 23. Rd1 Nc6 24. c3 Bf8 25. Rd5 h6 26. c4 Nf6 27. g5
Nxd5 28. cxd5 Ne7 29. e4 hxg5 30. Nxg5 Nc8 31. Rg6+ Rg7 32. Rxg7+ Bxg7 33. b3
b5 34. Kf1 Nd6 35. f3 c4 36. bxc4 bxc4 37. Ke2 Bf6 38. f4 Bxg5 39. fxg5 Nxe4
40. Ke3 Nd6 41. Kd4 Kg7 42. a4 Kg6 43. a5 Kxg5 44. Kc5 c3 45. Kxd6 c2 46. Kc7
c1=Q+ 47. Kb7 Qc4 48. d6 Kf6 49. d7 Ke7 50. Ka7 Qb5 51. d8=N Kxd8 52. Ka8 Kc8
0-1

[Event "OLSW 1819 SK Frankenthal - SVG Saarbrü"]
[Site "?"]
[Date "2019.02.24"]
[Round "7.3"]
[White "Busche, Stefan"]
[Black "Fulea, Dan"]
[Result "0-1"]
[WhiteElo "2068"]
[BlackElo "2207"]
[PlyCount "132"]
[EventDate "2019.??.??"]

1. e4 d6 2. d4 Nf6 3. Nc3 c6 4. f4 Qa5 5. Bd3 e5 6. Nf3 exd4 7. Nxd4 Qb6 8. Nb3
a5 9. Qf3 a4 10. Be3 Qb4 11. a3 axb3 12. axb4 Rxa1+ 13. Kd2 Rxh1 14. h3 bxc2
15. Kxc2 Ra1 16. e5 Nfd7 17. Qg3 dxe5 18. fxe5 Na6 19. Bxa6 Rxa6 20. Ne4 c5 21.
Nd6+ Bxd6 22. exd6 O-O 23. Bh6 g6 24. Qc3 f6 25. Bxf8 Kxf8 26. bxc5 Rc6 27. b4
b6 28. Qe3 Ne5 29. g4 bxc5 30. bxc5 g5 31. Kd1 Bd7 32. Qa3 Be8 33. Qc3 Kg7 34.
Qe3 Bd7 35. Qa3 Be8 36. Qa7+ Bd7 37. Ke2 Kg6 38. Qb8 Rc8 39. Qb4 h5 40. Qe4+
Kh6 41. Qe3 Bb5+ 42. Kd1 Ba4+ 43. Ke2 Re8 44. Kf1 Nxg4 45. Qd2 Bb5+ 46. Kg2
Bc6+ 47. Kf1 Ne5 48. h4 Nd7 49. hxg5+ fxg5 50. Qa5 Re5 51. Qd8 g4 52. Qh8+ Kg5
53. Kf2 Kh4 54. Qg7 Kh3 55. Qg6 h4 56. Qb1 g3+ 57. Kg1 Rxc5 58. Qf1+ g2 59.
Qd3+ Kg4 60. Qg3+ Kf5 61. Qh3+ Ke5 62. Qg3+ Ke6 63. Qe3+ Kxd6 64. Qg3+ Ne5 65.
Qe1 Nf3+ 66. Kxg2 Nxe1+ 0-1

[Event "OLSW 1819 SK Frankenthal - SVG Saarbrü"]
[Site "?"]
[Date "2019.02.24"]
[Round "7.4"]
[White "Geyer, Bernhard"]
[Black "Pernutz, Hans-Gerhard"]
[Result "1/2-1/2"]
[WhiteElo "2167"]
[BlackElo "2061"]
[PlyCount "102"]
[EventDate "2019.??.??"]

1. d4 Nf6 2. c4 c5 3. Nf3 cxd4 4. Nxd4 e5 5. Nf3 e4 6. Nd4 d5 7. e3 Bb4+ 8. Bd2
Bxd2+ 9. Qxd2 O-O 10. Nc3 dxc4 11. Bxc4 a6 12. h3 b5 13. Bb3 Bb7 14. Rc1 Nbd7
15. O-O Ne5 16. a4 b4 17. Nce2 a5 18. Rfd1 Nd3 19. Rc2 Bd5 20. Nf4 Bxb3 21.
Nxb3 Nxf4 22. exf4 Qe8 23. Nc5 Rc8 24. b3 Rc7 25. Rc4 Qc8 26. Qd4 Re8 27. Qe3
Qa8 28. Nxe4 Rxc4 29. Nxf6+ gxf6 30. Qg3+ Kh8 31. bxc4 Rg8 32. Qh2 b3 33. f5
Qc6 34. g4 b2 35. Qf4 Re8 36. Rb1 Re2 37. Qd4 Rc2 38. Rxb2 Rxc4 39. Qe3 Kg7 40.
g5 Rc1+ 41. Kh2 Qh1+ 42. Kg3 Rg1+ 43. Kh4 Rxg5 44. f4 Rxf5 45. Rb5 Rxb5 46.
axb5 Qb1 47. b6 a4 48. f5 a3 49. Qg3+ Kh6 50. Qf4+ Kg7 51. Qg3+ Kh6 1/2-1/2

[Event "OLSW 1819 SK Frankenthal - SVG Saarbrü"]
[Site "?"]
[Date "2019.02.24"]
[Round "7.5"]
[White "Biehl, Tim"]
[Black "Syska, Albert"]
[Result "0-1"]
[WhiteElo "1990"]
[BlackElo "2227"]
[PlyCount "80"]
[EventDate "2019.??.??"]

1. d4 e6 2. c4 f5 3. Nf3 d5 4. g3 c6 5. Bg2 Nf6 6. O-O Bd6 7. b3 Qe7 8. a4 Nbd7
9. Ba3 Bxa3 10. Nxa3 O-O 11. Nc2 Ne4 12. e3 g5 13. Nd2 Ndf6 14. f3 Nxd2 15.
Qxd2 g4 16. f4 Bd7 17. Qb4 Qg7 18. Qxb7 Rfb8 19. Qc7 Rxb3 20. cxd5 Nxd5 21.
Bxd5 cxd5 22. Rfb1 Rxb1+ 23. Rxb1 Bxa4 24. Qc3 Qd7 25. Nb4 Rc8 26. Qa1 Bb5 27.
Na6 Bxa6 28. Qxa6 Rc6 29. Rb8+ Kf7 30. Qa3 Qe7 31. Qxe7+ Kxe7 32. Rb7+ Kf6 33.
Rxa7 Rc1+ 34. Kf2 Rc2+ 35. Kg1 Re2 36. Ra3 h5 37. Rc3 Kg6 38. Kh1 h4 39. Kg1 h3
40. Kh1 Re1# 0-1

[Event "OLSW 1819 SK Frankenthal - SVG Saarbrü"]
[Site "?"]
[Date "2019.02.24"]
[Round "7.7"]
[White "Joeres, Roman"]
[Black "Kuehn, Bernd"]
[Result "0-1"]
[WhiteElo "1860"]
[BlackElo "2018"]
[PlyCount "94"]
[EventDate "2019.??.??"]

1. d4 d6 2. c4 Nf6 3. g3 Nbd7 4. Bg2 e5 5. Nc3 Be7 6. Nf3 O-O 7. e4 exd4 8.
Nxd4 Ne5 9. b3 Re8 10. O-O Bf8 11. h3 Bd7 12. Qc2 g6 13. Bb2 Bg7 14. Rad1 Nc6
15. Nxc6 bxc6 16. Rfe1 Qe7 17. Kh2 Rad8 18. Re2 h5 19. Rde1 h4 20. e5 hxg3+ 21.
fxg3 dxe5 22. Rxe5 Ng4+ 23. hxg4 Bxe5 24. Kh1 Qf6 25. Rxe5 Rxe5 26. Ne4 Qe7 27.
Qc3 f6 28. Nxf6+ Qxf6 29. Qxe5 Qxe5 30. Bxe5 Re8 31. Bxc7 Re2 32. a4 Rb2 33.
Bb8 a6 34. c5 Rxb3 35. Bc7 Rc3 36. Bd6 Ra3 37. Be4 Kf7 38. g5 Rxa4 39. Bd3 Be6
40. Kg2 Bc4 41. Bb1 Ra1 42. Be4 Bd5 43. Bxd5+ cxd5 44. c6 Rc1 45. c7 Ke6 46.
Bf4 Rc4 47. Kf3 a5 0-1

[Event "OLSW 1819 SK Frankenthal - SVG Saarbrü"]
[Site "?"]
[Date "2019.02.24"]
[Round "7.8"]
[White "Stein, Daniel"]
[Black "Schaefer, Nicolas"]
[Result "1-0"]
[WhiteElo "1940"]
[BlackElo "1772"]
[PlyCount "87"]
[EventDate "2019.??.??"]

1. Nf3 c5 2. g3 Nc6 3. Bg2 g6 4. O-O Bg7 5. e4 d6 6. h3 Nf6 7. Re1 O-O 8. c3
Nd7 9. Na3 a6 10. d4 Rb8 11. Bf4 e5 12. Bg5 Bf6 13. Bh6 Bg7 14. Bg5 Bf6 15. Bh6
Bg7 16. Qd2 cxd4 17. Bxg7 dxc3 18. Qh6 f6 19. Bxf8 Nxf8 20. bxc3 Qa5 21. Nc4
Qc5 22. Ne3 Be6 23. Nd5 Bxd5 24. exd5 Ne7 25. Qd2 Nd7 26. Nd4 Nb6 27. Ne6 Qa5
28. Be4 g5 29. Nxg5 f5 30. Ne6 Kf7 31. Bxf5 Nxf5 32. Qg5 Qxd5 33. Qxf5+ Ke7 34.
Nf4 Qg8 35. Rxe5+ dxe5 36. Qxe5+ Kf7 37. Qe6+ Kg7 38. Nh5+ Kf8 39. Qd6+ Kf7 40.
Qf6+ Ke8 41. Re1+ Kd7 42. Re7+ Kc8 43. Qxb6 Qd8 44. Qe6+ 1-0

[Event "OLSW 1819 SC Heimbach-Weis-Neuwied - SK"]
[Site "?"]
[Date "2019.02.24"]
[Round "7.1"]
[White "Bruehl, Andreas"]
[Black "Winterberg, Lukas"]
[Result "1/2-1/2"]
[WhiteElo "2350"]
[BlackElo "2380"]
[PlyCount "121"]
[EventDate "2019.??.??"]

1. d4 Nf6 2. c4 e6 3. g3 d5 4. Bg2 dxc4 5. Nf3 c5 6. O-O Nc6 7. dxc5 Qxd1 8.
Rxd1 Bxc5 9. Nbd2 c3 10. bxc3 O-O 11. Nb3 Be7 12. c4 Bd7 13. Bb2 Rfd8 14. Nfd4
Rac8 15. Nb5 b6 16. Rac1 a5 17. a4 Be8 18. Rxd8 Rxd8 19. Nc7 Nb4 20. Nxe8 Rxe8
21. c5 bxc5 22. Nxa5 Nfd5 23. Nc4 f6 24. a5 Rb8 25. Be4 Bd8 26. Ba3 Ra8 27. Ra1
Ra7 28. Bxb4 cxb4 29. a6 b3 30. Bd3 Nb4 31. Ra4 Nxd3 32. exd3 f5 33. d4 Bf6 34.
Nd2 b2 35. f4 Rd7 36. Kf1 Bxd4 37. Ke2 Bc5 38. Nb1 Kf7 39. Ra2 Bd4 40. Kd3 Ke7
41. Kc2 Kd6 42. Nd2 Ra7 43. Nc4+ Kc5 44. Nxb2 Kb5 45. Nd3 Rxa6 46. Rxa6 Kxa6
47. Ne1 Kb5 48. Kd3 Kc5 49. Nf3 Bf6 50. h3 h5 51. h4 Kd5 52. Ke3 e5 53. fxe5
Bxe5 54. Kf2 Bd4+ 55. Ke2 Bb6 56. Ng5 f4 57. gxf4 Bd8 58. f5 Bf6 59. Kf3 Ke5
60. Ne6 Kxf5 61. Nxg7+ 1/2-1/2

[Event "OLSW 1819 SC Heimbach-Weis-Neuwied - SK"]
[Site "?"]
[Date "2019.02.24"]
[Round "7.2"]
[White "Boidman, Yuri"]
[Black "Wagener, Claude"]
[Result "1-0"]
[WhiteElo "2336"]
[BlackElo "2263"]
[PlyCount "85"]
[EventDate "2019.??.??"]

1. e4 c5 2. Nf3 e6 3. Nc3 a6 4. g3 Nc6 5. Bg2 d6 6. O-O Nf6 7. d3 Be7 8. Ng5
Qc7 9. f4 h6 10. Nf3 b6 11. h3 Bb7 12. g4 O-O-O 13. Ne2 d5 14. e5 Nd7 15. c3
Rdf8 16. d4 f5 17. gxf5 Rxf5 18. h4 Nf8 19. Bh3 Rf7 20. h5 Kb8 21. Kh2 Bc8 22.
Qd3 Rg8 23. Rg1 Bd8 24. dxc5 bxc5 25. Be3 c4 26. Qd2 g5 27. Ned4 Rfg7 28. Nxc6+
Qxc6 29. fxg5 hxg5 30. Bg4 Qe8 31. b3 cxb3 32. axb3 Rh8 33. Kg3 Bc7 34. Qd4 Bb7
35. c4 Nd7 36. cxd5 Bxd5 37. Rxa6 Rf7 38. Qa7+ Kc8 39. Rc1 Nb8 40. Rd6 Bxf3 41.
Bxe6+ Qxe6 42. Rxe6 Bb7 43. Rb6 1-0

[Event "OLSW 1819 SC Heimbach-Weis-Neuwied - SK"]
[Site "?"]
[Date "2019.02.24"]
[Round "7.3"]
[White "Heidorn, Oliver"]
[Black "Schulz, Klaus-Juergen"]
[Result "1-0"]
[WhiteElo "2119"]
[BlackElo "2330"]
[PlyCount "55"]
[EventDate "2019.??.??"]

1. d4 d5 2. c4 dxc4 3. e3 Nf6 4. Bxc4 e6 5. Nf3 a6 6. a4 c5 7. O-O Nc6 8. dxc5
Bxc5 9. Qxd8+ Kxd8 10. Rd1+ Ke7 11. Nc3 b6 12. Bd2 Bb7 13. Be1 Rac8 14. Rac1
Rhd8 15. Kf1 h6 16. h3 g5 17. Ke2 Bd6 18. Ba2 Ne5 19. Nxe5 Bxe5 20. Rxd8 Kxd8
21. f3 Nd7 22. b4 Bd6 23. Rb1 Ne5 24. Rb3 Rc4 25. Bg3 f5 26. Kd1 Kc7 27. Ne2
Kd7 28. Bxe5 1-0

[Event "OLSW 1819 SC Heimbach-Weis-Neuwied - SK"]
[Site "?"]
[Date "2019.02.24"]
[Round "7.4"]
[White "Puth, Dieter"]
[Black "Kaster, Martin"]
[Result "1-0"]
[WhiteElo "2217"]
[BlackElo "2074"]
[PlyCount "59"]
[EventDate "2019.??.??"]

1. d4 f5 2. g3 Nf6 3. Bg2 d6 4. Nf3 g6 5. O-O Bg7 6. c4 O-O 7. Nc3 c6 8. Re1 h6
9. e4 fxe4 10. Nxe4 Nxe4 11. Rxe4 Bf5 12. Re1 g5 13. h4 g4 14. Nh2 Qd7 15. h5
e5 16. d5 Kh8 17. Be3 cxd5 18. cxd5 Na6 19. Qd2 Qf7 20. Bxh6 Qxh5 21. Bxg7+
Kxg7 22. Be4 Bd7 23. f3 Nc5 24. fxg4 Bxg4 25. Bc2 Bh3 26. b4 Nd7 27. Re4 Bf5
28. Rh4 Qg6 29. Rg4 Bxc2 30. Qxc2 1-0

[Event "OLSW 1819 SC Heimbach-Weis-Neuwied - SK"]
[Site "?"]
[Date "2019.02.24"]
[Round "7.5"]
[White "Schmidt, Reiner"]
[Black "Ronge, Tim Hendrick"]
[Result "0-1"]
[WhiteElo "2158"]
[BlackElo "2090"]
[PlyCount "84"]
[EventDate "2019.??.??"]

1. e4 c5 2. d4 cxd4 3. c3 Nf6 4. e5 Nd5 5. Qxd4 Nc7 6. Nf3 Nc6 7. Qe4 g6 8. h4
h5 9. Bc4 Bg7 10. Bf4 b5 11. Bxf7+ Kxf7 12. Ng5+ Kg8 13. e6 Nxe6 14. Nxe6 dxe6
15. Qxc6 Qd5 16. Qxd5 exd5 17. a4 e5 18. Bg5 Bd7 19. axb5 Bxb5 20. Ra5 Bc6 21.
Ra6 Bb5 22. Ra5 a6 23. Na3 Bc6 24. Rc5 Rc8 25. Nc2 Kf7 26. Ra5 Bb7 27. f4 Ke6
28. fxe5 Bxe5 29. O-O Rhf8 30. Re1 Rce8 31. Nd4+ Kd6 32. Nf3 Bg3 33. Rxe8 Rxe8
34. Ra4 Re2 35. Rb4 Bc8 36. Rb6+ Kc7 37. Rxg6 Rxb2 38. Bd8+ Kxd8 39. Rxg3 a5
40. Rg5 Bb7 41. Rxh5 a4 42. Re5 a3 0-1

[Event "OLSW 1819 SC Heimbach-Weis-Neuwied - SK"]
[Site "?"]
[Date "2019.02.24"]
[Round "7.6"]
[White "Roos, Thomas"]
[Black "Giesler, Stephan"]
[Result "1-0"]
[WhiteElo "2137"]
[BlackElo "2060"]
[PlyCount "58"]
[EventDate "2019.??.??"]

1. d4 Nf6 2. c4 g6 3. Nc3 Bg7 4. e4 d6 5. Be2 O-O 6. Nf3 e5 7. O-O Nc6 8. d5
Ne7 9. Nd2 Ne8 10. b4 f5 11. f3 Bh6 12. Nb3 Bxc1 13. Rxc1 Nf6 14. c5 Bd7 15.
Na5 b6 16. Nc4 Be8 17. a4 Kh8 18. Qb3 g5 19. cxd6 cxd6 20. b5 Qc7 21. Qa3 Rd8
22. Rfd1 fxe4 23. fxe4 Nc8 24. Nxe5 Qe7 25. Nc6 Bxc6 26. dxc6 Nxe4 27. Nxe4
Qxe4 28. Qc3+ Qe5 29. Qxe5+ dxe5 1-0

[Event "OLSW 1819 SC Heimbach-Weis-Neuwied - SK"]
[Site "?"]
[Date "2019.02.24"]
[Round "7.7"]
[White "Schmerda, Ingo"]
[Black "Fink, Christian"]
[Result "0-1"]
[WhiteElo "1903"]
[BlackElo "2151"]
[PlyCount "72"]
[EventDate "2019.??.??"]

1. d4 Nf6 2. c4 c5 3. d5 b5 4. cxb5 e6 5. Nc3 exd5 6. Nxd5 Bb7 7. Nc3 d5 8. Nf3
Bd6 9. g3 O-O 10. Bg2 d4 11. Nb1 Qa5+ 12. Nbd2 Qxb5 13. O-O Re8 14. Re1 Bd5 15.
b3 Nbd7 16. Bb2 Bc7 17. Bf1 Qb7 18. Rc1 Ba5 19. Bg2 Rac8 20. Rf1 d3 21. e4 Nxe4
22. Nxe4 Bxe4 23. Nh4 Bxg2 24. Qg4 Ne5 25. Bxe5 Rxe5 26. Nxg2 Rd8 27. Rfd1 d2
28. Rc2 h5 29. Qc4 Qf3 30. Qf1 h4 31. Ne3 hxg3 32. hxg3 Rd6 33. Ng2 Rh5 34. Rc4
Re6 35. Rf4 Qxd1 36. Qxd1 Re1+ 0-1

[Event "OLSW 1819 SC Turm Winterbach - SC Caiss"]
[Site "?"]
[Date "2019.02.24"]
[Round "7.1"]
[White "Frischmann, Rick"]
[Black "Spengler, Hanno"]
[Result "1-0"]
[WhiteElo "2310"]
[BlackElo "2069"]
[PlyCount "65"]
[EventDate "2019.??.??"]

1. e4 e5 2. Nf3 Nf6 3. Nxe5 d6 4. Nf3 Nxe4 5. Nc3 Nxc3 6. dxc3 Be7 7. Be3 Nc6
8. Qd2 Bg4 9. O-O-O O-O 10. Be2 Rb8 11. h3 Bxf3 12. Bxf3 Ne5 13. Be2 b5 14. f4
Nc4 15. Bxc4 bxc4 16. Qd5 c5 17. Qxc4 Qa5 18. a4 Rfd8 19. Rd5 Bf6 20. Rhd1 Qb6
21. b3 Be7 22. g4 Bf8 23. f5 Re8 24. Bf4 Rbd8 25. h4 Qc6 26. g5 Kh8 27. h5 Qc7
28. g6 h6 29. f6 Re6 30. Rxc5 Qb6 31. fxg7+ Bxg7 32. Rc8 Rf6 33. Be5 1-0

[Event "OLSW 1819 SC Turm Winterbach - SC Caiss"]
[Site "?"]
[Date "2019.02.24"]
[Round "7.2"]
[White "Becker, Thomas"]
[Black "Wild, Achim"]
[Result "1/2-1/2"]
[WhiteElo "2145"]
[BlackElo "2269"]
[PlyCount "159"]
[EventDate "2019.??.??"]

1. e4 d6 2. d4 Nf6 3. Nc3 e5 4. Nf3 Nbd7 5. g3 Be7 6. Bg2 O-O 7. O-O Re8 8. Re1
c6 9. a4 b6 10. d5 cxd5 11. Nxd5 Nxd5 12. Qxd5 Rb8 13. Qd1 Qc7 14. b3 a6 15. c4
Nc5 16. Qc2 Bg4 17. Bb2 Rbc8 18. Nd2 Qb7 19. Nf1 Bg5 20. Ne3 Bxe3 21. Rxe3 b5
22. h3 Be6 23. axb5 axb5 24. Ra5 bxc4 25. bxc4 Qb4 26. Bc3 Qxc4 27. Bf1 Qb3 28.
Qxb3 Bxb3 29. Bb4 Be6 30. f4 Bd7 31. Ra7 exf4 32. gxf4 Bf5 33. Bc4 Rxe4 34.
Bxf7+ Kh8 35. Rxe4 Nxe4 36. Bd5 Nf6 37. Bb7 Rd8 38. Kh2 Be4 39. Bc3 d5 40. Bd4
h6 41. Kg3 Rd7 42. Bc8 Rxa7 43. Bxa7 Nh5+ 44. Kg4 Nf6+ 45. Kg3 Ne8 46. Bb8 Kg8
47. Bd7 Nf6 48. Be6+ Kh7 49. f5 d4 50. Kf4 Bg2 51. h4 Nh5+ 52. Kg4 d3 53. Be5
Nf6+ 54. Bxf6 gxf6 55. Kf4 d2 56. Bb3 Bh3 57. Bc2 Kg7 58. Ke3 Bxf5 59. Bd1 Bh3
60. Kxd2 Kg6 61. Ke3 Kf5 62. Bh5 Bg4 63. Be8 Ke5 64. Bc6 Bd1 65. Bd7 Bh5 66.
Bc8 Bd1 67. Bd7 h5 68. Bh3 f5 69. Bg2 f4+ 70. Kf2 Kd4 71. Bc6 Bg4 72. Be8 Ke5
73. Bc6 Kf5 74. Bd7+ Kf6 75. Bc6 Be6 76. Be4 Ke5 77. Bf3 Bf7 78. Be2 Kf5 79.
Bf3 Kg6 80. Bxh5+ 1/2-1/2

[Event "OLSW 1819 SC Turm Winterbach - SC Caiss"]
[Site "?"]
[Date "2019.02.24"]
[Round "7.3"]
[White "Fries, Frederik"]
[Black "Hermann, Thomas"]
[Result "1-0"]
[WhiteElo "2302"]
[BlackElo "2085"]
[PlyCount "93"]
[EventDate "2019.??.??"]

1. Nf3 Nf6 2. c4 g6 3. d4 Bg7 4. g3 O-O 5. Bg2 d6 6. Nc3 Nbd7 7. O-O e5 8. e4
exd4 9. Nxd4 Re8 10. Re1 Nc5 11. h3 c6 12. b3 a5 13. Rb1 Nfd7 14. Be3 Ne5 15.
Qc2 Qc7 16. Rbd1 Ne6 17. Nde2 b6 18. Qd2 Bf8 19. f4 Nd7 20. Nd4 Bb7 21. e5 dxe5
22. Nxe6 Rxe6 23. Qxd7 Qxd7 24. Rxd7 exf4 25. gxf4 Bb4 26. Bd2 Rxe1+ 27. Bxe1
Re8 28. Bd2 Bc8 29. Ra7 Rd8 30. Be1 Bf5 31. Bxc6 Rd3 32. Bd5 Bxc3 33. Bxc3 Rxc3
34. Rxf7 Kh8 35. Rb7 Rc1+ 36. Kf2 Rc2+ 37. Ke3 Rxa2 38. Rxb6 Bxh3 39. Rb8+ Kg7
40. Rb7+ Kh8 41. Rb8+ Kg7 42. Rb7+ Kh8 43. c5 h5 44. Be4 a4 45. c6 axb3 46. c7
Ra5 47. f5 1-0

[Event "OLSW 1819 SC Turm Winterbach - SC Caiss"]
[Site "?"]
[Date "2019.02.24"]
[Round "7.5"]
[White "Weller, Manuel"]
[Black "Robert, Josef"]
[Result "1-0"]
[WhiteElo "2254"]
[BlackElo "1963"]
[PlyCount "71"]
[EventDate "2019.??.??"]

1. c4 e5 2. Nc3 Nc6 3. Nf3 Nf6 4. e3 d5 5. cxd5 Nxd5 6. Bb5 Nxc3 7. dxc3 Qxd1+
8. Kxd1 Bg4 9. h3 Bd7 10. e4 Bd6 11. Be3 a6 12. Bd3 O-O 13. Kc2 b5 14. Nd2 Be6
15. Nb3 Rfd8 16. Rhd1 Kf8 17. Nc5 Bxc5 18. Bxc5+ Ke8 19. b4 Bc4 20. Bxc4 bxc4
21. a4 Rxd1 22. Rxd1 Rd8 23. Rb1 a5 24. b5 Nb8 25. b6 cxb6 26. Bxb6 Rc8 27.
Bxa5 Nd7 28. Bb4 Ra8 29. Ra1 Nb8 30. Kb2 Nc6 31. Ka3 Rd8 32. Ra2 Rd3 33. a5 Kd7
34. Ka4 Na7 35. Bc5 Nc6 36. Ra3 1-0

[Event "OLSW 1819 SC Turm Winterbach - SC Caiss"]
[Site "?"]
[Date "2019.02.24"]
[Round "7.6"]
[White "Schuetz, Thomas"]
[Black "Grewenig, Jan"]
[Result "1-0"]
[WhiteElo "1884"]
[BlackElo "2155"]
[PlyCount "63"]
[EventDate "2019.??.??"]

1. d4 Nf6 2. Nf3 c5 3. dxc5 Qa5+ 4. c3 Qxc5 5. Nbd2 g6 6. Nb3 Qc7 7. Qc2 Bg7 8.
e4 O-O 9. h3 d5 10. exd5 Nxd5 11. Bd3 Nc6 12. a3 Nf4 13. Bxf4 Qxf4 14. Be4 Kh8
15. g3 Qd6 16. g4 f5 17. gxf5 Bxf5 18. Nfd2 Bxe4 19. Nxe4 Qf4 20. Nbd2 b5 21.
O-O-O a5 22. Rhg1 Ne5 23. Ng5 Qf6 24. f4 Nc6 25. Rg4 b4 26. Nde4 Qf5 27. Qg2
bxc3 28. bxc3 Rac8 29. Nxh7 Kxh7 30. Rd5 e5 31. Rd6 Bf6 32. Ng3 1-0

[Event "OLSW 1819 SC Turm Winterbach - SC Caiss"]
[Site "?"]
[Date "2019.02.24"]
[Round "7.7"]
[White "Buermann, Jan"]
[Black "Courtial, Ralf"]
[Result "1-0"]
[WhiteElo "2099"]
[BlackElo "1787"]
[PlyCount "79"]
[EventDate "2019.??.??"]

1. d4 f5 2. g3 c6 3. c4 d5 4. Bg2 e6 5. Qc2 Nf6 6. Nh3 Na6 7. a3 g6 8. Nf4 Bg7
9. Nd2 O-O 10. Nf3 Nc7 11. c5 Qe7 12. Nd3 Ne4 13. Bf4 Ne8 14. Be5 N4f6 15. O-O
Qd8 16. b4 Bd7 17. e3 Ng4 18. Bxg7 Nxg7 19. h3 Nh6 20. Nde5 Nf7 21. h4 Nh5 22.
a4 Nf6 23. Rfb1 Rb8 24. b5 Be8 25. Rb2 Qc8 26. Bf1 Nd7 27. Nd3 Qc7 28. Rab1 e5
29. bxc6 e4 30. cxd7 Bxd7 31. Nf4 exf3 32. Nxd5 Qd8 33. Rxb7 Rxb7 34. Rxb7 Be6
35. Nf4 Bc8 36. Rxa7 g5 37. hxg5 Nxg5 38. Qc4+ Kh8 39. d5 Ne4 40. Qd4+ 1-0

[Event "OLSW 1819 SK Gau-Algesheim - SV Worms 1"]
[Site "?"]
[Date "2019.02.24"]
[Round "7.1"]
[White "Nasshan, Dennis"]
[Black "Ovsejevitsch, Sergei"]
[Result "0-1"]
[WhiteElo "2314"]
[BlackElo "2600"]
[PlyCount "148"]
[EventDate "2019.??.??"]

1. d4 d5 2. Nf3 Nf6 3. c4 e6 4. g3 Bb4+ 5. Bd2 Bd6 6. Bg2 O-O 7. O-O c6 8. Qb3
Nbd7 9. Nc3 h6 10. Bf4 Bxf4 11. gxf4 Ne8 12. e3 Nd6 13. c5 Nf5 14. Qc2 Nh4 15.
Nxh4 Qxh4 16. b4 Nf6 17. f3 b6 18. Qf2 Qh5 19. Rfc1 bxc5 20. bxc5 Ba6 21. Qc2
g5 22. fxg5 Qxg5 23. Qf2 Kh8 24. Kh1 Rg8 25. Rab1 Qf5 26. Qh4 Rg6 27. e4 Qh5
28. Qf4 dxe4 29. fxe4 e5 30. dxe5 Ng4 31. e6 fxe6 32. Rb8+ Rxb8 33. Qxb8+ Rg8
34. Qf4 Qxc5 35. Nd1 Qe5 36. Qxe5+ Nxe5 37. Rc5 Rg5 38. Nc3 Ng4 39. Rxc6 Nf2+
40. Kg1 Nh3+ 41. Kh1 Nf2+ 42. Kg1 Nh3+ 43. Kh1 Bf1 44. Bxh3 Bxh3 45. Rc8+ Kg7
46. Rc7+ Kf6 47. Ne2 Bg4 48. Ng3 h5 49. Kg2 h4 50. Nf1 Ra5 51. Rc2 Ra3 52. Nd2
Re3 53. Kf1 Kg5 54. Rc8 Rd3 55. Ke1 Kf4 56. Ra8 Re3+ 57. Kf1 Re2 58. Rf8+ Ke3
59. Nc4+ Kd4 60. Rf4 Rxe4 61. Rxe4+ Kxe4 62. Kf2 e5 63. a3 Be6 64. Nd2+ Kf4 65.
Nf3 h3 66. Nd2 a5 67. Ke2 e4 68. Nb1 e3 69. Nc3 Bc4+ 70. Ke1 Kf3 71. Nd1 Ba6
72. Nc3 Kg2 73. Nd5 Kxh2 74. Nxe3 Kg3 0-1

[Event "OLSW 1819 SK Gau-Algesheim - SV Worms 1"]
[Site "?"]
[Date "2019.02.24"]
[Round "7.2"]
[White "Karsay, Pascal"]
[Black "Feldmann, Johannes"]
[Result "1/2-1/2"]
[WhiteElo "2313"]
[BlackElo "2199"]
[PlyCount "81"]
[EventDate "2019.??.??"]

1. Nf3 Nf6 2. g3 d5 3. Bg2 c6 4. O-O Bf5 5. c4 e6 6. d3 dxc4 7. dxc4 Qxd1 8.
Rxd1 Nbd7 9. Nc3 h6 10. h3 Be7 11. Be3 Bh7 12. Rac1 O-O 13. Nd2 Rfd8 14. Na4
Kf8 15. Nb3 Be4 16. f3 Bg6 17. Na5 Rab8 18. c5 Nd5 19. Bf2 Nb4 20. a3 Bc2 21.
Rxc2 Nxc2 22. Rc1 Nxa3 23. bxa3 Nf6 24. Rb1 Nd5 25. Rxb7 Rxb7 26. Nxb7 Rb8 27.
Na5 Rb1+ 28. Bf1 Ra1 29. Nc4 Nc7 30. e4 Nb5 31. Na5 Nxa3 32. Bd4 Rd1 33. Nxc6
Nc2 34. Bf2 Ne1 35. Bxe1 Rxe1 36. Nb8 Ra1 37. c6 Bd6 38. Nd7+ Ke7 39. e5 Bc7
40. Nac5 Rc1 41. f4 1/2-1/2

[Event "OLSW 1819 SK Gau-Algesheim - SV Worms 1"]
[Site "?"]
[Date "2019.02.24"]
[Round "7.3"]
[White "Ollenberger, Roland"]
[Black "Kling, Felix"]
[Result "1-0"]
[WhiteElo "2270"]
[BlackElo "2180"]
[PlyCount "53"]
[EventDate "2019.??.??"]

1. e4 e5 2. Nf3 Nf6 3. Nc3 Nc6 4. Bb5 Bd6 5. a3 a6 6. Bc4 b5 7. Ba2 Bb7 8. d3
h6 9. h3 Bc5 10. Be3 Bxe3 11. fxe3 O-O 12. O-O Nh7 13. Qe1 Ng5 14. Nxg5 Qxg5
15. Rf5 Qg6 16. Nd5 Qd6 17. Qg3 Kh7 18. Raf1 f6 19. Qh4 Ne7 20. Nxf6+ Kh8 21.
R5f2 c5 22. Nxd7 Rxf2 23. Rxf2 c4 24. Rf7 Ng6 25. Qh5 Bc6 26. Nf6 Ne7 27. Qxh6+
1-0

[Event "OLSW 1819 SK Gau-Algesheim - SV Worms 1"]
[Site "?"]
[Date "2019.02.24"]
[Round "7.5"]
[White "Helbig, Daniel"]
[Black "Erlekam, Simon"]
[Result "1/2-1/2"]
[WhiteElo "2222"]
[BlackElo "1871"]
[PlyCount "55"]
[EventDate "2019.??.??"]

1. e4 c5 2. Nc3 Nc6 3. g3 Nf6 4. Bg2 e6 5. Nge2 Be7 6. O-O O-O 7. h3 a6 8. f4
d5 9. e5 Nd7 10. d3 b5 11. g4 Qb6 12. Ng3 c4+ 13. Kh1 cxd3 14. cxd3 a5 15. Nce2
Bc5 16. g5 Ba6 17. Nh5 b4 18. f5 Ncxe5 19. Nef4 Rae8 20. f6 g6 21. Ng7 Rc8 22.
h4 Be3 23. h5 Bxf4 24. Bxf4 Bxd3 25. hxg6 Bxg6 26. Qe1 Nd3 27. Qh4 Rc4 28. Qh6
1/2-1/2

[Event "OLSW 1819 SK Gau-Algesheim - SV Worms 1"]
[Site "?"]
[Date "2019.02.24"]
[Round "7.6"]
[White "Grieb, Lukas"]
[Black "Schluchter, Steffen"]
[Result "1/2-1/2"]
[WhiteElo "1772"]
[BlackElo "2128"]
[PlyCount "65"]
[EventDate "2019.??.??"]

1. e4 c6 2. d4 d5 3. Nd2 dxe4 4. Nxe4 Nf6 5. Ng3 h5 6. Bc4 h4 7. N3e2 Bg4 8. h3
Bh5 9. Qd3 Bg6 10. Qb3 b5 11. Bd3 Bxd3 12. Qxd3 e6 13. Nf3 Nd5 14. Bd2 Nd7 15.
O-O Be7 16. Nf4 Nxf4 17. Bxf4 Bf6 18. Rfe1 Nb6 19. Ne5 Rc8 20. Rad1 Nd5 21. Bh2
Qa5 22. c4 Ne7 23. Ng4 bxc4 24. Nxf6+ gxf6 25. Qxc4 Qd5 26. Qxd5 cxd5 27. Rc1
Kd7 28. Bf4 Nc6 29. Rc5 Nxd4 30. Ra5 Nc6 31. Rb5 e5 32. Rxd5+ Ke6 33. Rdd1
1/2-1/2